000 00768nam a2200229Ia 4500
003 GCL
005 20240530103226.0
008 140319s9999 xx 000 0 ara d
040 _aGCL /
_cGCL
082 0 4 _a299.31
_bق/س ا
100 1 _aسيد محمود القمنى
245 1 0 _aاوزيريس وعقيدة الخلود فى مصر القديمة /
_cسيد محمود القمنى
250 _aط 1
260 _aالقاهرة :
_bدار الفكر للدراسات والنشر والتوزيع ،
_c1988
300 _a211 ص ؛
_c24 سم
490 _aكتاب الفكر
_v12
650 0 4 _aالحضارة الفرعونية
650 0 4 _aالديانات القديمة
650 0 4 _aالخلود
650 0 4 _aاوزيريس
942 _2ddc
_cBK
999 _c37702
_d37702